Statistique de l'Espagne (Record no. 160158)
[ view plain ]
| 000 -LEADER | |
|---|---|
| campo de control de longitud fija | 00917nam a2200205 i 4500 |
| 001 - NÚMERO DE CONTROL | |
| campo de control | 160158 |
| 003 - IDENTIFICADOR DE NÚMERO DE CONTROL | |
| campo de control | ES-MaACL |
| 005 - FECHA Y HORA DE LA ÚLTIMA TRANSACCIÓN | |
| campo de control | 20251014063231.0 |
| 008 - DATOS DE LONGITUD FIJA--INFORMACIÓN GENERAL | |
| campo de control de longitud fija | 931025s1834 fr |||| | fre d |
| 100 1# - ENTRADA PRINCIPAL--NOMBRE DE PERSONA | |
| Nombre de persona | Moreau de Jonnès, Alexandre, |
| Fechas asociadas al nombre | 1776-1870 |
| 9 (RLIN) | 130151 |
| 245 10 - MENCIÓN DEL TÍTULO | |
| Título | Statistique de l'Espagne |
| Resto del título | : territoire, population, agriculture, industrie...avec une Carte / |
| Mención de responsabilidad, etc. | par Alex. Moreau de Jonnès. |
| 260 ## - PUBLICACIÓN, DISTRIBUCIÓN, ETC. | |
| Lugar de publicación, distribución, etc. | Paris : |
| Nombre del editor, distribuidor, etc. | [s.n.], |
| Fecha de publicación, distribución, etc. | 1834 ( |
| Fabricante | Imp. de Cosson) |
| 300 ## - DESCRIPCIÓN FÍSICA | |
| Extensión | VIII, 318 p. ; |
| Dimensiones | 22 cm. |
| 530 ## - NOTA DISPONIBLE DE FORMULARIO FÍSICO ADICIONAL | |
| Nota de formato físico adicional disponible | Disponible en formato digital. |
| 650 #4 - PUNTO DE ACCESO ADICIONAL DE MATERIA--TÉRMINO DE MATERIA | |
| Término de materia o nombre geográfico como elemento de entrada | Estadística- |
| Subdivisión geográfica | España. |
| 9 (RLIN) | 157325 |
| 651 #4 - PUNTO DE ACCESO ADICIONAL DE MATERIA--NOMBRE GEOGRÁFICO | |
| Nombre geográfico | España- |
| Subdivisión general | Descripción. |
| 9 (RLIN) | 8184 |
| 852 ## - LOCALIZACIÓN | |
| Ubicación | ES-MaACL |
| Número de control de estantería | G-10069 |
| Nota libre | -- Enc. hol.. -- En verso de la antep. consta los ed.: "chez l'auteur ..., Treuttel et Wurtz ..., Baillière ..." |
| 856 ## - LOCALIZACIÓN Y ACCESO ELECTRÓNICOS | |
| Identificador Uniforme de Recursos | <a href="http://bdh-rd.bne.es/viewer.vm?id=0000000808&page=1 ">http://bdh-rd.bne.es/viewer.vm?id=0000000808&page=1 </a> |
| Nota pública | Biblioteca Digital Hispánica |
| Estatus retirado | Estado de pérdida | Estado de daño | No para préstamo | Colección | Biblioteca de origen | Biblioteca actual | Ubicación en estantería | Fecha de adquisición | Fuente de adquisición | Total de préstamos | Signatura topográfica completa | Código de barras | Visto por última vez | Precio de reemplazo | Tipo de ítem Koha |
|---|---|---|---|---|---|---|---|---|---|---|---|---|---|---|---|
| Colección digital | Biblioteca del Ateneo de Madrid | Biblioteca del Ateneo de Madrid | Sala Pecera Planta 3 | 17/01/2008 | G-10069 | 1167676 | 23/02/2023 | 23/02/2023 | Libro impreso antiguo |
